"D" Synonyms - Statistics

General Stats
  • This quiz has been taken 149 times
    131 since last reset
  • The average score is 12 of 20
Answer Stats
Word D Synonym % Correct
Lifeless Dead / Deceased
95%
Sunrise Dawn
89%
Stupid Dumb
86%
Unsafe Dangerous
83%
Split Divide
70%
Perish Die
69%
Lessen Decrease / Diminish
67%
Wreck Destroy / Demolish / Damage / Devastate
67%
Arid Dry / Dehydrated
64%
Soiled Dirty / Dingy
61%
Hate Despise / Detest
56%
Unlike Different / Distinct
55%
Challenging Difficult / Dire
55%
Rot Decay / Decompose
53%
Protect Defend
49%
Bold Daring
48%
Fragile Delicate
36%
Poor Destitute
32%
Exit Depart
28%
Subtract Deduct
25%
No matching quizzes found
Score Distribution
Percent of People with Each Score
Percentile by Number Answered
Your Score History
You have not taken this quiz since the last reset